[Event "Ruhrgebiet Verbandsklasse Gruppe 2 1819"]
[Site "Nordrheinwestfalen"]
[Date "2019.05.05"]
[Round "9.1"]
[White "Reichmann, Oleg"]
[Black "Quast, Marcel"]
[Result "0-1"]
[WhiteElo "2031"]
[BlackElo "2293"]
[PlyCount "116"]
[EventDate "2018.09.23"]
[EventType "team-tourn"]
[EventRounds "9"]
[EventCountry "GER"]
[SourceTitle "EXT 2022"]
[Source "ChessBase"]
[SourceDate "2021.10.06"]
[SourceVersion "1"]
[SourceVersionDate "2021.10.06"]
[SourceQuality "1"]
[WhiteTeam "Dortmund FS"]
[BlackTeam "Gerthe Werne"]
[WhiteTeamCountry "GER"]
[BlackTeamCountry "GER"]

1. Nf3 d6 2. d4 Nd7 3. e4 e5 4. c3 Ngf6 5. Bc4 h6 6. 0-0 c6 7. Qe2 a5 8. Rd1 Qc7 9. Nbd2 a4 10. Nf1 g6 11. Ng3 Bg7 12. h3 0-0 13. dxe5 Nxe5 14. Nxe5 dxe5 15. Be3 b5 16. Bd3 Rd8 17. c4 b4 18. Bc5 Bf8 19. Bxf8 Rxf8 20. Qd2 Qe7 21. Qxh6 Nd7 22. Be2 Nc5 23. h4 Be6 24. h5 Qf6 25. Rd6 Qf4 26. Qxf4 exf4 27. Nf1 Ra6 28. hxg6 fxg6 29. Nd2 Kf7 30. f3 Kf6 31. Rd1 Ke5 32. Nb1 Nb7 33. R6d2 c5 34. Kf2 Rd6 35. g3 g5 36. gxf4+ gxf4 37. Rh1 Rxd2 38. Nxd2 Na5 39. Rh7 Rd8 40. Rh5+ Kd4 41. Rh4 Nxc4 42. Nxc4 Bxc4 43. Bxc4 Kxc4 44. Ke2 Rg8 45. Rxf4 Rg2+ 46. Ke3 Rxb2 47. e5+ Kd5 48. Re4 Ke6 49. f4 Rh2 50. Kd3 Kd5 51. Re1 Rxa2 52. e6 c4+ 53. Ke3 Kxe6 54. Kd4+ Kf5 55. Kxc4 b3 56. Kc3 b2 57. Kc2 a3 58. Re8 Ra1 0-1

[Event "Ruhrgebiet Verbandsklasse Gruppe 1 1718"]
[Site "Germany"]
[Date "2018.04.29"]
[Round "9.1"]
[White "Landscheidt, Heinz"]
[Black "Reichmann, Oleg"]
[Result "1/2-1/2"]
[WhiteElo "1848"]
[BlackElo "1988"]
[PlyCount "59"]
[EventDate "2017.09.17"]
[EventType "team-tourn"]
[EventRounds "9"]
[EventCountry "GER"]
[SourceTitle "EXT 2022"]
[Source "ChessBase"]
[SourceDate "2021.10.06"]
[SourceVersion "1"]
[SourceVersionDate "2021.10.06"]
[SourceQuality "1"]
[WhiteTeam "Bergeborbeck Wacker"]
[BlackTeam "Dortmund FS"]
[WhiteTeamCountry "GER"]
[BlackTeamCountry "GER"]

1. e4 c6 2. d4 d5 3. exd5 cxd5 4. Bd3 Nf6 5. c3 e6 6. Nf3 Be7 7. 0-0 Nc6 8. Re1 0-0 9. Bf4 Bd7 10. Ne5 Be8 11. Nd2 b5 12. Ndf3 b4 13. Nxc6 Bxc6 14. Ne5 Be8 15. Re3 bxc3 16. bxc3 Ne4 17. Bxe4 dxe4 18. Rxe4 Qa5 19. Bd2 Qd5 20. Re1 Rb8 21. Rb1 Bb5 22. a4 Bc4 23. Nxc4 Qxc4 24. Qc2 Rbc8 25. Qb3 Qd3 26. Red1 Bf6 27. Be1 Qc4 28. g3 Rfd8 29. a5 Qc7 30. Qa4 1/2-1/2

[Event "Ruhrgebiet Verbandsklasse Gruppe 1 1718"]
[Site "Germany"]
[Date "2018.02.25"]
[Round "7.1"]
[White "Puetter, Pascal"]
[Black "Reichmann, Oleg"]
[Result "0-1"]
[WhiteElo "2001"]
[BlackElo "1988"]
[PlyCount "120"]
[EventDate "2017.09.17"]
[EventType "team-tourn"]
[EventRounds "9"]
[EventCountry "GER"]
[SourceTitle "EXT 2022"]
[Source "ChessBase"]
[SourceDate "2021.10.06"]
[SourceVersion "1"]
[SourceVersionDate "2021.10.06"]
[SourceQuality "1"]
[WhiteTeam "Oberhausen SW"]
[BlackTeam "Dortmund FS"]
[WhiteTeamCountry "GER"]
[BlackTeamCountry "GER"]

1. d4 Nf6 2. c4 e6 3. g3 d5 4. Nf3 Be7 5. Bg2 0-0 6. 0-0 Ne4 7. Qc2 Nd7 8. Nc3 Ndf6 9. Nxe4 dxe4 10. Nd2 Qxd4 11. Nxe4 Nxe4 12. Bxe4 f5 13. Bf3 c6 14. Be3 Qf6 15. Qc3 Qxc3 16. bxc3 Bf6 17. Bd4 e5 18. Bc5 Rf7 19. e4 fxe4 20. Bxe4 Be6 21. Rfd1 Bxc4 22. Rd2 Bg5 23. Be3 Bxe3 24. fxe3 Raf8 25. Rad1 g6 26. Bg2 Be6 27. Rb2 Rc7 28. Rd6 Bc4 29. a4 Kf7 30. Rb4 Ke7 31. Rd2 Be6 32. a5 Bf5 33. Rdb2 Rb8 34. g4 Bd3 35. g5 Bf5 36. Bf1 Rd7 37. Rh4 Kd8 38. Bg2 Kc7 39. Rhb4 Rd1+ 40. Kf2 Ra1 41. Rh4 Rh8 42. Rhb4 Bc8 43. Bh3 Bxh3 44. Rxb7+ Kd6 45. Rxa7 Rf8+ 46. Kg3 Be6 47. Rxh7 Rxa5 48. h4 Ra4 49. Rb4 Ra1 50. Rg7 Rg8 51. Rgb7 Rg1+ 52. Kf2 Rc1 53. Rh7 Rc2+ 54. Ke1 Ra8 55. Rb1 Rh2 56. Rd1+ Kc5 57. Re7 Bd5 58. Rxe5 Rh1+ 59. Kf2 Rxd1 60. e4 Kd6 0-1

[Event "Ruhrgebiet Verbandsklasse Gruppe 1 1718"]
[Site "Germany"]
[Date "2017.10.08"]
[Round "2.1"]
[White "Kleibaumhueter, Klaus"]
[Black "Reichmann, Oleg"]
[Result "0-1"]
[WhiteElo "2087"]
[BlackElo "1988"]
[PlyCount "82"]
[EventDate "2017.09.17"]
[EventType "team-tourn"]
[EventRounds "9"]
[EventCountry "GER"]
[SourceTitle "EXT 2022"]
[Source "ChessBase"]
[SourceDate "2021.10.06"]
[SourceVersion "1"]
[SourceVersionDate "2021.10.06"]
[SourceQuality "1"]
[WhiteTeam "Eving SV Rochade"]
[BlackTeam "Dortmund FS"]
[WhiteTeamCountry "GER"]
[BlackTeamCountry "GER"]

1. Nf3 d5 2. d4 Nf6 3. c4 e6 4. g3 Be7 5. Bg2 0-0 6. 0-0 Nbd7 7. Qc2 Ne4 8. Nc3 Ndf6 9. Ne5 Nxc3 10. bxc3 c6 11. Rb1 Qa5 12. Bd2 Qa6 13. Qb3 Ne4 14. Be1 Bf6 15. f3 Nd6 16. e4 Bxe5 17. cxd5 Bf6 18. dxc6 e5 19. dxe5 Bxe5 20. f4 Be6 21. Qb4 bxc6 22. fxe5 Nc4 23. Qc5 Qxa2 24. Rd1 a5 25. Bf2 Rfc8 26. Ra1 Qb3 27. Rab1 Qa3 28. Qxa3 Nxa3 29. Ra1 Nc4 30. Ra4 Nb2 31. Ra3 a4 32. Rfa1 Rd8 33. Bf1 Rd1 34. Bc5 h6 35. Kf2 Rd2+ 36. Ke1 Rxh2 37. Bg1 Rc2 38. Be2 Rd8 39. Be3 Bb3 40. Rc1 Rxc1+ 41. Bxc1 Nd3+ 0-1

[Event "Ruhrgebiet Verbandsklasse 1617 Aufstieg"]
[Site "Germany"]
[Date "2017.06.11"]
[Round "2.1"]
[White "Schlottmann, Fabian"]
[Black "Reichmann, Oleg"]
[Result "1/2-1/2"]
[WhiteElo "2254"]
[BlackElo "1979"]
[PlyCount "79"]
[EventDate "2017.05.28"]
[EventType "team-tourn"]
[EventRounds "3"]
[EventCountry "GER"]
[SourceTitle "EXT 2022"]
[Source "ChessBase"]
[SourceDate "2021.10.06"]
[SourceVersion "1"]
[SourceVersionDate "2021.10.06"]
[SourceQuality "1"]
[WhiteTeam "Boenen SV"]
[BlackTeam "Dortmund FS"]
[WhiteTeamCountry "GER"]
[BlackTeamCountry "GER"]

1. d4 Nf6 2. Bg5 Ne4 3. Bf4 e6 4. e3 b6 5. Bd3 Bb7 6. Nf3 Be7 7. 0-0 0-0 8. c4 d6 9. Qc2 f5 10. Nbd2 Nxd2 11. Nxd2 Nd7 12. Bg3 Qe8 13. f4 Bf6 14. Rae1 g6 15. Nf3 Bxf3 16. gxf3 Qd8 17. b4 c5 18. Bf2 cxb4 19. Qb3 a5 20. e4 Kg7 21. c5 dxc5 22. e5 Be7 23. Bb5 cxd4 24. Qxe6 Nc5 25. Qc4 d3 26. Rc1 Qc8 27. Rfd1 Rd8 28. Kg2 Qb7 29. Bxc5 Bxc5 30. Rxd3 Rxd3 31. Qxd3 Qe7 32. Kh3 Rd8 33. Qe2 Rd4 34. Rc4 Rxc4 35. Qxc4 Qd8 36. Qe6 Qd4 37. Qf6+ Kh6 38. Qg5+ Kg7 39. Qf6+ Kh6 40. Qg5+ 1/2-1/2

[Event "Ruhrgebiet Verbandsliga Gruppe 1 1516"]
[Site "Germany"]
[Date "2015.09.06"]
[Round "1.1"]
[White "Henrichs, Thomas"]
[Black "Reichmann, Oleg"]
[Result "1-0"]
[WhiteElo "2413"]
[BlackElo "2018"]
[PlyCount "105"]
[EventDate "2015.09.06"]
[EventType "team-tourn"]
[EventRounds "9"]
[EventCountry "GER"]
[SourceTitle "EXT 2022"]
[Source "ChessBase"]
[SourceDate "2021.10.06"]
[SourceVersion "1"]
[SourceVersionDate "2021.10.06"]
[SourceQuality "1"]
[WhiteTeam "Dortmund SV"]
[BlackTeam "Dortmund FS"]
[WhiteTeamCountry "GER"]
[BlackTeamCountry "GER"]

1. d4 d5 2. c4 c6 3. Nc3 Nf6 4. Nf3 g6 5. cxd5 cxd5 6. Bf4 Bg7 7. e3 0-0 8. h3 Nc6 9. Bd3 Nb4 10. Bb1 Bd7 11. Ne5 Be8 12. 0-0 Nc6 13. Qb3 b6 14. Bd3 e6 15. Rfc1 Nh5 16. Bh2 Nxe5 17. dxe5 Bh6 18. g4 Ng7 19. f4 f6 20. exf6 Qxf6 21. Rf1 Bc6 22. Bg3 Qd8 23. Kh2 Ne8 24. Rad1 Bg7 25. e4 Nc7 26. exd5 Nxd5 27. Be4 Kh8 28. f5 gxf5 29. gxf5 Qe8 30. fxe6 Rxf1 31. Rxf1 Nxc3 32. Bxc6 Qxc6 33. bxc3 Re8 34. Re1 Bf6 35. Re3 b5 36. Qb4 Qd5 37. Re2 a5 38. Qg4 Bxc3 39. e7 Qf7 40. Qg5 b4 41. Be5+ Bxe5+ 42. Qxe5+ Qg7 43. Qxa5 Qc3 44. Qf5 Qc7+ 45. Qe5+ Qxe5+ 46. Rxe5 Kg7 47. Kg3 Kf7 48. Kf4 Kf6 49. h4 Kg6 50. Ke4 h6 51. Kd5 h5 52. Kd6 b3 53. axb3 1-0

[Event "Ruhrgebiet Verbandsklasse Gruppe 3 1415"]
[Site "Germany"]
[Date "2014.11.16"]
[Round "3.2"]
[White "Wloczek, Josef"]
[Black "Reichmann, Oleg"]
[Result "1-0"]
[WhiteElo "1922"]
[BlackElo "2023"]
[PlyCount "59"]
[EventDate "2014.09.21"]
[EventType "team-tourn"]
[EventRounds "9"]
[EventCountry "GER"]
[SourceTitle "EXT 2022"]
[Source "ChessBase"]
[SourceDate "2021.10.06"]
[SourceVersion "1"]
[SourceVersionDate "2021.10.06"]
[SourceQuality "1"]
[WhiteTeam "Annen Sport Union"]
[BlackTeam "Dortmund FS"]
[WhiteTeamCountry "GER"]
[BlackTeamCountry "GER"]

1. e4 c6 2. d4 d5 3. e5 Bf5 4. h4 h6 5. g4 Bd7 6. Bd3 Qb6 7. c3 Na6 8. Qe2 0-0-0 9. b4 Nxb4 10. cxb4 Qxd4 11. Bb2 Qxb4+ 12. Bc3 Qxg4 13. Qe3 Qa4 14. Bd4 b6 15. Nd2 Qa5 16. Kf1 e6 17. Nb3 Qb4 18. a3 Qa4 19. Bxb6 d4 20. Bxd4 Be8 21. Ne2 Ne7 22. Nc5 Qa5 23. Ba6+ Kc7 24. Rb1 Rd5 25. Rb7+ Kd8 26. Rxa7 Rxc5 27. Bxc5 Nd5 28. Ra8+ Kd7 29. Bc8+ Kd8 30. Rxa5 1-0

[Event "NRW Verbandsliga Group1 1314"]
[Site "Nordrheinwestfalen"]
[Date "2013.11.24"]
[Round "4.2"]
[White "Reichmann, Oleg"]
[Black "Frohne, Gerd"]
[Result "0-1"]
[WhiteElo "2028"]
[BlackElo "2085"]
[PlyCount "108"]
[EventDate "2013.09.08"]
[EventType "team-tourn"]
[EventRounds "9"]
[EventCountry "GER"]
[SourceTitle "EXT 2020"]
[Source "ChessBase"]
[SourceDate "2019.10.17"]
[SourceVersion "1"]
[SourceVersionDate "2019.10.17"]
[SourceQuality "1"]
[WhiteTeam "Dortmund FS 98"]
[BlackTeam "Gladbeck SG"]
[WhiteTeamCountry "GER"]
[BlackTeamCountry "GER"]

1. Nf3 d5 2. g3 Nf6 3. Bg2 e6 4. 0-0 Be7 5. d3 0-0 6. Nbd2 c5 7. e4 Nc6 8. Re1 b5 9. c3 a5 10. h4 b4 11. e5 Nd7 12. Nf1 Ba6 13. N1h2 a4 14. a3 bxc3 15. bxc3 Rb8 16. Bg5 Bxg5 17. hxg5 Rb3 18. Bf1 Qc7 19. Ng4 Rfb8 20. Qd2 Qd8 21. Kg2 d4 22. c4 Bb7 23. Kg1 Ne7 24. Bg2 Ng6 25. Ra2 Ba8 26. Nh4 Bxg2 27. Kxg2 Qc7 28. Nxg6 fxg6 29. Kh2 Qc6 30. Qe2 Rf8 31. f4 Rfb8 32. Nf2 Qb7 33. Rd1 Rb1 34. Rxb1 Qxb1 35. Ne4 Rb3 36. Rd2 Rxa3 37. Nd6 Ra1 38. Qg2 a3 39. Qa8+ Qb8 40. Qc6 Nf8 41. Nb5 Qd8 42. Qa6 Qb8 43. Qc6 h6 44. gxh6 gxh6 45. Qa6 g5 46. Qc6 Qd8 47. Kh3 Qe7 48. Nd6 h5 49. Re2 Rb1 50. f5 g4+ 51. Kh2 Rb2 52. Rxb2 axb2 53. f6 Qa7 54. Qb5 Qa2 0-1

[Event "NRW Verbandsliga Group1 1314"]
[Site "Nordrheinwestfalen"]
[Date "2013.09.08"]
[Round "1.3"]
[White "Wagner, Norbert"]
[Black "Reichmann, Oleg"]
[Result "0-1"]
[WhiteElo "2017"]
[BlackElo "2028"]
[PlyCount "54"]
[EventDate "2013.09.08"]
[EventType "team-tourn"]
[EventRounds "9"]
[EventCountry "GER"]
[SourceTitle "EXT 2020"]
[Source "ChessBase"]
[SourceDate "2019.10.17"]
[SourceVersion "1"]
[SourceVersionDate "2019.10.17"]
[SourceQuality "1"]
[WhiteTeam "Doppelbauer Brambauer"]
[BlackTeam "Dortmund FS 98"]
[WhiteTeamCountry "GER"]
[BlackTeamCountry "GER"]

1. d4 Nf6 2. c3 d6 3. Bf4 Nbd7 4. Nf3 Nh5 5. Bg5 h6 6. Bh4 g5 7. Bg3 Bg7 8. e3 Nxg3 9. hxg3 e5 10. Bc4 e4 11. Nfd2 Nb6 12. Bb3 d5 13. a4 Be6 14. a5 Nc8 15. a6 b5 16. Na3 c6 17. Ba2 Bf8 18. Nc2 Bd6 19. b3 Rb8 20. c4 Qf6 21. cxd5 cxd5 22. Qe2 b4 23. Bb1 Kf8 24. 0-0 g4 25. Qe1 h5 26. f3 gxf3 27. gxf3 Rg8 0-1

[Event "Ruhrgebiet Verbandsliga1 1213"]
[Site "Nordrheinwestfalen"]
[Date "2013.04.07"]
[Round "8.2"]
[White "Fuellgrabe, Thomas"]
[Black "Reichmann, Oleg"]
[Result "1/2-1/2"]
[WhiteElo "2321"]
[BlackElo "2014"]
[PlyCount "24"]
[EventDate "2012.09.02"]
[EventType "team-tourn"]
[EventRounds "9"]
[EventCountry "GER"]
[SourceTitle "EXT 2020"]
[Source "ChessBase"]
[SourceDate "2019.10.17"]
[SourceVersion "1"]
[SourceVersionDate "2019.10.17"]
[SourceQuality "1"]
[WhiteTeam "Welper SV"]
[BlackTeam "Dortmund FS 98"]
[WhiteTeamCountry "GER"]
[BlackTeamCountry "GER"]

1. g3 Nf6 2. Bg2 d5 3. d3 g6 4. Nf3 Bg7 5. c4 dxc4 6. Qa4+ c6 7. Qxc4 0-0 8. 0-0 Nbd7 9. Nc3 Nb6 10. Qh4 Nbd5 11. Bh6 Nxc3 12. bxc3 Qa5 1/2-1/2

[Event "Ruhrgebiet Verbandsliga1 1213"]
[Site "Nordrheinwestfalen"]
[Date "2013.01.27"]
[Round "6.3"]
[White "Reichmann, Oleg"]
[Black "Pewny, Uwe"]
[Result "1/2-1/2"]
[WhiteElo "2014"]
[BlackElo "2189"]
[PlyCount "142"]
[EventDate "2012.09.02"]
[EventType "team-tourn"]
[EventRounds "9"]
[EventCountry "GER"]
[SourceTitle "EXT 2020"]
[Source "ChessBase"]
[SourceDate "2019.10.17"]
[SourceVersion "1"]
[SourceVersionDate "2019.10.17"]
[SourceQuality "1"]
[WhiteTeam "Dortmund FS 98"]
[BlackTeam "Bochum SV II"]
[WhiteTeamCountry "GER"]
[BlackTeamCountry "GER"]

1. Nf3 g6 2. g3 Bg7 3. Bg2 c5 4. e4 Nc6 5. d3 d6 6. 0-0 e5 7. Bg5 Nge7 8. Qd2 h6 9. Be3 b6 10. c3 d5 11. d4 exd4 12. cxd4 dxe4 13. Ne5 Nxe5 14. dxe5 Bb7 15. e6 f5 16. Nc3 Qxd2 17. Bxd2 Rd8 18. Rfd1 Nd5 19. a4 Ke7 20. a5 Nxc3 21. bxc3 Kxe6 22. axb6 axb6 23. Ra7 Rd7 24. Rb1 Bc6 25. Rxd7 Kxd7 26. Rxb6 g5 27. h3 Ra8 28. Be3 Ra5 29. h4 Kc7 30. Rb1 Bf6 31. hxg5 Bxg5 32. Bh3 Bxe3 33. fxe3 Bd7 34. Bf1 Ra2 35. Rc1 Be6 36. Bb5 Kd6 37. Kf1 Bf7 38. Rd1+ Ke5 39. Rd7 Ra1+ 40. Kf2 Kf6 41. Rc7 c4 42. Bxc4 Bxc4 43. Rxc4 Ra2+ 44. Kf1 Kg5 45. Rc5 Kg4 46. c4 Rc2 47. Rc6 Kf3 48. Ke1 Kxe3 49. Kd1 Rd2+ 50. Kc1 Rd4 51. Rc5 Ke2 52. Kc2 Rd2+ 53. Kc1 Rd3 54. Kc2 Rxg3 55. Rxf5 Rf3 56. Rh5 Rf6 57. Kc3 e3 58. c5 Kf1 59. Kd3 Re6 60. Rf5+ Ke1 61. c6 e2 62. c7 Rd6+ 63. Kc4 Rc6+ 64. Rc5 Rxc5+ 65. Kxc5 Kd1 66. c8Q e1Q 67. Qg4+ Kd2 68. Qd4+ Ke2 69. Qg4+ Kd2 70. Qd4+ Kc2 71. Qa4+ Kb2 1/2-1/2

[Event "Ruhrgebiet Verbandsliga1 1213"]
[Site "Nordrheinwestfalen"]
[Date "2012.09.02"]
[Round "1.2"]
[White "Kuerschners, Stefan"]
[Black "Reichmann, Oleg"]
[Result "1/2-1/2"]
[WhiteElo "1969"]
[BlackElo "2014"]
[PlyCount "94"]
[EventDate "2012.09.02"]
[EventType "team-tourn"]
[EventRounds "9"]
[EventCountry "GER"]
[SourceTitle "EXT 2020"]
[Source "ChessBase"]
[SourceDate "2019.10.17"]
[SourceVersion "1"]
[SourceVersionDate "2019.10.17"]
[SourceQuality "1"]
[WhiteTeam "Oberhausen SV III"]
[BlackTeam "Dortmund FS 98"]
[WhiteTeamCountry "GER"]
[BlackTeamCountry "GER"]

1. e4 c6 2. d4 d5 3. Nd2 dxe4 4. Nxe4 Bf5 5. Ng3 Bg6 6. h4 h6 7. Nf3 Nd7 8. h5 Bh7 9. Bd3 Bxd3 10. Qxd3 Qc7 11. Bd2 Ngf6 12. 0-0-0 e6 13. Qe2 0-0-0 14. c4 Bd6 15. Rh4 Rhe8 16. Ne4 Nxe4 17. Qxe4 Nf6 18. Qc2 c5 19. Kb1 cxd4 20. Nxd4 Bc5 21. Nb5 Qb6 22. f3 Rd7 23. Rhh1 a6 24. Nc3 Bd4 25. Na4 Qc7 26. Qb3 e5 27. g4 Re6 28. g5 Ng8 29. Bc3 hxg5 30. Bxd4 exd4 31. c5 Kb8 32. Rhe1 Rxe1 33. Rxe1 Nf6 34. Nb6 Rd8 35. Rc1 Ka7 36. Na4 d3 37. Rd1 d2 38. Qe3 Qc6 39. b3 Nxh5 40. Qxg5 Qxf3 41. Rxd2 Qe4+ 42. Kb2 Rxd2+ 43. Qxd2 Nf6 44. Qd8 Qd5 45. Qf8 Qd4+ 46. Kb1 Qd3+ 47. Kb2 Qd4+ 1/2-1/2

[Event "Ruhrgebiet VK1 1112"]
[Site "Nordrheinwestfalen"]
[Date "2012.01.08"]
[Round "5.4"]
[White "Reichmann, Oleg"]
[Black "Klasmeier, Hartmut"]
[Result "0-1"]
[WhiteElo "2020"]
[BlackElo "1917"]
[PlyCount "104"]
[EventDate "2012.09.18"]
[EventType "team-tourn"]
[EventRounds "9"]
[EventCountry "GER"]
[SourceTitle "EXT 2020"]
[Source "ChessBase"]
[SourceDate "2019.10.17"]
[SourceVersion "1"]
[SourceVersionDate "2019.10.17"]
[SourceQuality "1"]
[WhiteTeam "Dortmund FS 98"]
[BlackTeam "Weisse Dame Borbeck II"]
[WhiteTeamCountry "GER"]
[BlackTeamCountry "GER"]

1. c4 Nf6 2. Nc3 e5 3. Nf3 d6 4. g3 Nc6 5. Bg2 Be7 6. 0-0 0-0 7. d3 Bg4 8. Rb1 a5 9. h3 Bd7 10. a3 Qc8 11. Kh2 Nd4 12. Nxd4 exd4 13. Nb5 c5 14. e4 Bxb5 15. cxb5 Nd7 16. f4 Bf6 17. b3 a4 18. Bd2 axb3 19. Qxb3 Nb6 20. Rfe1 Qc7 21. h4 Rfe8 22. Rbc1 Qb8 23. e5 dxe5 24. Rxc5 Na4 25. Rd5 exf4 26. Bxf4 Qc8 27. Rxe8+ Qxe8 28. h5 Qe6 29. Qc2 Nc3 30. Rc5 Qb6 31. Rf5 Rxa3 32. Qf2 Ra2 33. Qf3 h6 34. Be5 Bxe5 35. Rxe5 Qf6 36. Re8+ Kh7 37. Qxb7 Qf5 38. Re1 Qxh5+ 39. Kg1 Ne2+ 40. Rxe2 Rxe2 41. Qf3 Qxf3 42. Bxf3 Rb2 43. Bc6 f5 44. Be8 g6 45. Kf1 Kg7 46. Ke1 Kf6 47. Kd1 g5 48. Kc1 Rb4 49. Kd2 Ke5 50. Ke2 Rb2+ 51. Ke1 f4 52. g4 f3 0-1

[Event "Ruhrgebiet VK1 1112"]
[Site "Nordrheinwestfalen"]
[Date "2011.10.09"]
[Round "2.3"]
[White "Reichmann, Oleg"]
[Black "Hessel, Malte"]
[Result "1/2-1/2"]
[WhiteElo "2020"]
[BlackElo "1931"]
[PlyCount "55"]
[EventDate "2012.09.18"]
[EventType "team-tourn"]
[EventRounds "9"]
[EventCountry "GER"]
[SourceTitle "EXT 2020"]
[Source "ChessBase"]
[SourceDate "2019.10.17"]
[SourceVersion "1"]
[SourceVersionDate "2019.10.17"]
[SourceQuality "1"]
[WhiteTeam "Dortmund FS 98"]
[BlackTeam "Castrop Rauxel"]
[WhiteTeamCountry "GER"]
[BlackTeamCountry "GER"]

1. Nf3 d5 2. g3 Nf6 3. Bg2 Bf5 4. d3 h6 5. 0-0 e6 6. c4 c6 7. cxd5 exd5 8. Nd4 Bg6 9. e4 Bc5 10. Nb3 Bb6 11. e5 Nfd7 12. Nc3 0-0 13. d4 Re8 14. Kh1 Nf8 15. f4 f5 16. exf6 Qxf6 17. f5 Bf7 18. Bf4 Nbd7 19. a4 a5 20. Qd2 Nh7 21. h4 Qxf5 22. Bxh6 Qg6 23. Bf4 Nhf6 24. Rae1 Nh5 25. Qf2 Rxe1 26. Rxe1 Nxf4 27. Qxf4 Re8 28. Rxe8+ 1/2-1/2

[Event "Ruhrgebiet Verbandsliga2 1011"]
[Site "Nordrheinwestfalen"]
[Date "2011.02.06"]
[Round "6.3"]
[White "Reichmann, Oleg"]
[Black "Sohlmann, Jan Henning"]
[Result "0-1"]
[WhiteElo "2029"]
[BlackElo "2100"]
[PlyCount "80"]
[EventDate "2010.09.12"]
[EventType "team-tourn"]
[EventRounds "9"]
[EventCountry "GER"]
[SourceTitle "EXT 2020"]
[Source "ChessBase"]
[SourceDate "2019.10.17"]
[SourceVersion "1"]
[SourceVersionDate "2019.10.17"]
[SourceQuality "1"]
[WhiteTeam "Dortmund FS 98"]
[BlackTeam "Welper SV"]
[WhiteTeamCountry "GER"]
[BlackTeamCountry "GER"]

1. Nf3 Nf6 2. g3 g6 3. Bg2 Bg7 4. d3 d5 5. 0-0 0-0 6. Nbd2 d4 7. Nb3 Nc6 8. Bg5 Nd5 9. Qc1 Re8 10. h3 a5 11. Bh6 Bh8 12. a3 a4 13. Nc5 Ra5 14. Ne4 Bf5 15. Nh4 Bxe4 16. Bxe4 Qd6 17. Bd2 Rc5 18. Ng2 f5 19. Bf3 e5 20. e4 dxe3 21. Bxe3 Nxe3 22. Nxe3 Nd4 23. Qd1 e4 24. Bg2 f4 25. Nc4 Rxc4 26. dxc4 f3 27. Bh1 e3 28. Qd3 exf2+ 29. Kh2 Be5 30. Bxf3 Bxg3+ 31. Kg2 Re5 32. Bd5+ Rxd5 33. cxd5 Bh4 34. c4 Qf4 35. Rad1 Nf5 36. d6 Ne3+ 37. Qxe3 Qxe3 38. d7 Qg3+ 39. Kh1 Qf3+ 40. Kh2 Bg3# 0-1

[Event "Ruhrgebiet Verbandsliga2 1011"]
[Site "Nordrheinwestfalen"]
[Date "2011.01.09"]
[Round "5.3"]
[White "Kucheyda, Joerg"]
[Black "Reichmann, Oleg"]
[Result "0-1"]
[WhiteElo "2042"]
[BlackElo "2029"]
[PlyCount "68"]
[EventDate "2010.09.12"]
[EventType "team-tourn"]
[EventRounds "9"]
[EventCountry "GER"]
[SourceTitle "EXT 2020"]
[Source "ChessBase"]
[SourceDate "2019.10.17"]
[SourceVersion "1"]
[SourceVersionDate "2019.10.17"]
[SourceQuality "1"]
[WhiteTeam "Gladbeck SG"]
[BlackTeam "Dortmund FS 98"]
[WhiteTeamCountry "GER"]
[BlackTeamCountry "GER"]

1. d4 Nf6 2. c4 g6 3. Nc3 d5 4. cxd5 Nxd5 5. e4 Nxc3 6. bxc3 Bg7 7. Nf3 0-0 8. Rb1 c5 9. Be2 Qa5 10. 0-0 Qxa2 11. Bg5 Qe6 12. Re1 h6 13. d5 Qd6 14. Bd2 Nd7 15. Qc1 Kh7 16. h4 Ne5 17. Nxe5 Qxe5 18. f4 Qxe4 19. Bf3 Qf5 20. Rxe7 Qf6 21. Qe1 a5 22. h5 a4 23. hxg6+ fxg6 24. d6 Qxd6 25. f5 gxf5 26. Rd1 a3 27. c4 Qg6 28. Bc3 Rf7 29. Rd6 Rxe7 30. Qxe7 Qg5 31. Bf6 Qg3 32. Bh5 Ra6 33. Be5 Qe1+ 34. Kh2 Qxe5+ 0-1

[Event "Ruhrgebiet Verbandsliga2 1011"]
[Site "Nordrheinwestfalen"]
[Date "2010.09.12"]
[Round "1.2"]
[White "Bollwerk, Markus"]
[Black "Reichmann, Oleg"]
[Result "1-0"]
[WhiteElo "2076"]
[BlackElo "2029"]
[PlyCount "103"]
[EventDate "2010.09.12"]
[EventType "team-tourn"]
[EventRounds "9"]
[EventCountry "GER"]
[SourceTitle "EXT 2020"]
[Source "ChessBase"]
[SourceDate "2019.10.17"]
[SourceVersion "1"]
[SourceVersionDate "2019.10.17"]
[SourceQuality "1"]
[WhiteTeam "Eichlinghofen SV"]
[BlackTeam "Dortmund FS 98"]
[WhiteTeamCountry "GER"]
[BlackTeamCountry "GER"]

1. g3 Nf6 2. Bg2 g6 3. d3 Bg7 4. e4 0-0 5. Nd2 e5 6. Ngf3 Nc6 7. 0-0 Re8 8. c3 d5 9. Qc2 a5 10. a4 h6 11. Re1 dxe4 12. dxe4 Be6 13. Bf1 Nd7 14. Nb3 Qe7 15. Be3 Rf8 16. Nfd2 Rab8 17. Rad1 b6 18. Bg2 b5 19. axb5 Rxb5 20. Bf1 Rb7 21. Ba6 Rbb8 22. Ra1 f5 23. exf5 gxf5 24. f4 Qf7 25. Nxa5 exf4 26. Bxf4 Nce5 27. Nc6 Nxc6 28. Rxe6 Nd8 29. Re2 Kh8 30. Rae1 Nf6 31. Nf3 Nc6 32. Qxf5 Qg8 33. Nh4 Qa2 34. Bd3 Rfd8 35. b4 Qd5 36. Ng6+ Kg8 37. Qxd5+ Rxd5 38. Bc4 Kh7 39. Bxd5 Nxd5 40. Ne5 Nxe5 41. Bxe5 Nxc3 42. Rc2 Nd5 43. Bxg7 Kxg7 44. Rb1 Rf8 45. Rc5 Rf5 46. b5 Kf6 47. Rc6+ Kg5 48. Rf1 Re5 49. Rc5 Kg4 50. Rd1 Ne3 51. Rxe5 Nxd1 52. Rc5 1-0

[Event "Ruhrgebiet VL2 0910"]
[Site "Germany"]
[Date "2010.01.31"]
[Round "6.3"]
[White "Bollwerk, Markus"]
[Black "Reichmann, Oleg"]
[Result "0-1"]
[WhiteElo "2083"]
[BlackElo "2030"]
[PlyCount "60"]
[EventDate "2009.09.06"]
[EventType "team-tourn"]
[EventRounds "9"]
[EventCountry "GER"]
[SourceTitle "EXT 2011"]
[Source "ChessBase"]
[SourceDate "2010.11.26"]
[SourceVersion "1"]
[SourceVersionDate "2010.11.26"]
[SourceQuality "1"]
[WhiteTeam "Eichlinghofen SV"]
[BlackTeam "Dortmund FS 98"]
[WhiteTeamCountry "GER"]
[BlackTeamCountry "GER"]

1. Nf3 Nf6 2. g3 d5 3. Bg2 c6 4. 0-0 Bf5 5. d3 h6 6. Nbd2 Nbd7 7. c4 e5 8. cxd5 cxd5 9. Qa4 Bd6 10. e4 Bh7 11. Nh4 0-0 12. Qd1 Re8 13. Nf5 Bf8 14. Qf3 Nc5 15. Rd1 Ne6 16. Nb3 Bxf5 17. exf5 Ng5 18. Qe2 Rc8 19. g4 e4 20. h4 exd3 21. Qxd3 Nge4 22. g5 Ng4 23. Qxd5 Qc7 24. Bd2 Qh2+ 25. Kf1 Qxh4 26. Be1 Nxg5 27. Rd2 Bb4 28. Rad1 Bxd2 29. Rxd2 Nh2+ 30. Kg1 Rxe1+ 0-1